| 000 | 00872nam a2200289 a 4500 | ||
|---|---|---|---|
| 001 | 000039190 | ||
| 003 | DO-SdBNP | ||
| 005 | 20180212132953.0 | ||
| 007 | 000039190 | ||
| 008 | 130607s2009 dr 000 0 spa d | ||
| 020 | _a9789945869927 | ||
| 040 |
_aBPMET _bspa _cBPMET |
||
| 100 | 1 | _aLockward, Ángel | |
| 245 | 1 | 3 |
_aLa leyenda de los hombres rana / _cÁngel Lockward. |
| 250 | _a2a. ed. | ||
| 260 |
_aSanto Domingo : _bFUNDESED, _c2009. |
||
| 300 |
_a213 P. ; _c22 cm. |
||
| 490 | 1 | _aLos Mejores Narradores Dominicanos | |
| 500 | _aIncluye datos biográficos del autor en la solapa de la cubierta | ||
| 830 | 0 | _aLos Mejores Narradores Dominicanos | |
| 930 | 1 |
_l _m _8 _f _p _g |
|
| 942 |
_2ddc _cBK |
||
| 945 | _aTítulo remanejado para la BNPHU | ||
| 956 |
_a _b _c _l _h |
||
| 956 |
_a _b _c _l _h |
||
| 956 |
_aVMATEO _b10 _c20150908 _lBPMSU _h00151 |
||
| 999 |
_c7435 _d7435 |
||